<?xml version="1.0" encoding="UTF-8"?>
<collection xmlns="http://www.loc.gov/MARC21/slim">
 <record>
  <leader>     na                 </leader>
  <controlfield tag="001">INLIS000000000002771</controlfield>
  <controlfield tag="005">20251201100606</controlfield>
  <datafield tag="035" ind1=" " ind2=" ">
   <subfield code="a">0010-1225000003</subfield>
  </datafield>
  <controlfield tag="007">ta</controlfield>
  <controlfield tag="008">251201                           0      </controlfield>
  <datafield tag="020" ind1=" " ind2=" ">
   <subfield code="a">-</subfield>
  </datafield>
  <datafield tag="082" ind1=" " ind2=" ">
   <subfield code="a">370.7</subfield>
  </datafield>
  <datafield tag="084" ind1=" " ind2=" ">
   <subfield code="a">370.7 KKG s</subfield>
  </datafield>
  <datafield tag="100" ind1="0" ind2=" ">
   <subfield code="a">KKG Provinsi Jawa Timur</subfield>
  </datafield>
  <datafield tag="245" ind1="1" ind2=" ">
   <subfield code="a">Sejarah Kebudayaan Islam Kelas 5 /</subfield>
   <subfield code="c">Tim Penulis KKG Provinsi Jawa Timur</subfield>
  </datafield>
  <datafield tag="250" ind1=" " ind2=" ">
   <subfield code="a">-</subfield>
  </datafield>
  <datafield tag="260" ind1=" " ind2=" ">
   <subfield code="a">- :</subfield>
   <subfield code="b">MUFID,</subfield>
   <subfield code="c">2024</subfield>
  </datafield>
  <datafield tag="300" ind1=" " ind2=" ">
   <subfield code="a">vi, 122 hlm :</subfield>
   <subfield code="b">ilus ;</subfield>
   <subfield code="c">17.5 x 25.5</subfield>
  </datafield>
  <datafield tag="600" ind1=" " ind2="4">
   <subfield code="a">KKG Provinsi Jawa Timur</subfield>
  </datafield>
  <datafield tag="856" ind1=" " ind2=" ">
   <subfield code="a">-</subfield>
  </datafield>
  <datafield tag="990" ind1=" " ind2=" ">
   <subfield code="a">P 25000287</subfield>
  </datafield>
  <datafield tag="990" ind1=" " ind2=" ">
   <subfield code="a">P 25000285</subfield>
  </datafield>
  <datafield tag="990" ind1=" " ind2=" ">
   <subfield code="a">P 25000286</subfield>
  </datafield>
 </record>
</collection>
